000
002250000a22000970004500
100
1
_a
Chaldran, David
245
1
0
_a
Tentmaking in India
300
_a
Vol. 14, Núm 13 (1997), Páginas 149-151
773
0
_t
Evangel
942
_c
ANA
999
_c
54167
_d
54167